<?xml version="1.0" encoding="UTF-8"?><?xml-stylesheet type="text/xsl" href="static/style.xsl"?><OAI-PMH xmlns="http://www.openarchives.org/OAI/2.0/" xmlns:xsi="http://www.w3.org/2001/XMLSchema-instance" xsi:schemaLocation="http://www.openarchives.org/OAI/2.0/ http://www.openarchives.org/OAI/2.0/OAI-PMH.xsd"><responseDate>2026-04-30T05:15:54Z</responseDate><request verb="GetRecord" identifier="oai:uvadoc.uva.es:10324/45595" metadataPrefix="marc">https://uvadoc.uva.es/oai/request</request><GetRecord><record><header><identifier>oai:uvadoc.uva.es:10324/45595</identifier><datestamp>2025-03-26T19:10:03Z</datestamp><setSpec>com_10324_1168</setSpec><setSpec>com_10324_931</setSpec><setSpec>com_10324_894</setSpec><setSpec>col_10324_1302</setSpec></header><metadata><record xmlns="http://www.loc.gov/MARC21/slim" xmlns:doc="http://www.lyncode.com/xoai" xmlns:xsi="http://www.w3.org/2001/XMLSchema-instance" xmlns:dcterms="http://purl.org/dc/terms/" xsi:schemaLocation="http://www.loc.gov/MARC21/slim http://www.loc.gov/standards/marcxml/schema/MARC21slim.xsd">
<leader>00925njm 22002777a 4500</leader>
<datafield tag="042" ind1=" " ind2=" ">
<subfield code="a">dc</subfield>
</datafield>
<datafield tag="720" ind1=" " ind2=" ">
<subfield code="a">Merino, Alejandro</subfield>
<subfield code="e">author</subfield>
</datafield>
<datafield tag="720" ind1=" " ind2=" ">
<subfield code="a">García Álvarez, Diego</subfield>
<subfield code="e">author</subfield>
</datafield>
<datafield tag="720" ind1=" " ind2=" ">
<subfield code="a">Sáinz Palmero, Gregorio Ismael</subfield>
<subfield code="e">author</subfield>
</datafield>
<datafield tag="720" ind1=" " ind2=" ">
<subfield code="a">Acebes Arconada, Luis Felipe</subfield>
<subfield code="e">author</subfield>
</datafield>
<datafield tag="720" ind1=" " ind2=" ">
<subfield code="a">Fuente Aparicio, María Jesús de la</subfield>
<subfield code="e">author</subfield>
</datafield>
<datafield tag="260" ind1=" " ind2=" ">
<subfield code="c">2020</subfield>
</datafield>
<datafield tag="520" ind1=" " ind2=" ">
<subfield code="a">Soft sensors driven by data are very common in industrial plants to perform indirect measurements&#xd;
of difficult to measure critical variables by using other variables that are relatively easier to obtain.&#xd;
The use of soft sensors implies some challenges, such as the colinearity of the predictor variables,&#xd;
the time-varying and possible non-linear nature of the industrial process. To deal with the first&#xd;
challenge, the partial least square (PLS) regression has been employed in many applications to model&#xd;
the linear relations between process variables, with noisy and highly correlated data. However, the&#xd;
PLS model needs to deal with the other two issues: the non-linear and time-varying characteristics&#xd;
of the processes. In this work, a new knowledge-based methodology for a recursive non-linear PLS&#xd;
algorithm (RNPLS) is systematized to deal with these issues. Here, the non-linear PLS algorithm is set&#xd;
up by carrying out the PLS regression over the augmented input matrix, which includes knowledge&#xd;
based non-linear transformations of some of the variables. This transformation depends on the system’s&#xd;
nature, and takes into account the available knowledge about the process, which is provided by expert&#xd;
knowledge or emulated using software tools. Then, the recursive exponential weighted PLS is used to&#xd;
modify and adapt the model according to the process changes. This RNPLS algorithm has been tested&#xd;
using two case studies according to the available knowledge, a real industrial evaporation station of&#xd;
the sugar industry, where the expert knowledge about the process permits the formulation of the&#xd;
relationships, and a simulated wastewater treatment plant, where the necessary knowledge about the&#xd;
process is obtained by a software tool. The results show that the methodology involving knowledge&#xd;
regarding the process is able to adjust the process changes, providing highly accurate predictions.</subfield>
</datafield>
<datafield tag="024" ind2=" " ind1="8">
<subfield code="a">ISA Transactons, Mayo 2020, vol. 100, p.481-494</subfield>
</datafield>
<datafield tag="024" ind2=" " ind1="8">
<subfield code="a">0019-0578</subfield>
</datafield>
<datafield tag="024" ind2=" " ind1="8">
<subfield code="a">http://uvadoc.uva.es/handle/10324/45595</subfield>
</datafield>
<datafield tag="024" ind2=" " ind1="8">
<subfield code="a">10.1016/j.isatra.2020.01.006</subfield>
</datafield>
<datafield tag="024" ind2=" " ind1="8">
<subfield code="a">481</subfield>
</datafield>
<datafield tag="024" ind2=" " ind1="8">
<subfield code="a">494</subfield>
</datafield>
<datafield tag="024" ind2=" " ind1="8">
<subfield code="a">Knowledge based recursive non-linear partial least squares (RNPLS)</subfield>
</datafield>
<datafield tag="024" ind2=" " ind1="8">
<subfield code="a">100</subfield>
</datafield>
<datafield tag="245" ind1="0" ind2="0">
<subfield code="a">Knowledge based recursive non-linear partial least squares (RNPLS)</subfield>
</datafield>
</record></metadata></record></GetRecord></OAI-PMH>